<?xml version="1.0" encoding="UTF-8"?><?xml-stylesheet type="text/xsl" href="static/style.xsl"?><OAI-PMH xmlns="http://www.openarchives.org/OAI/2.0/" xmlns:xsi="http://www.w3.org/2001/XMLSchema-instance" xsi:schemaLocation="http://www.openarchives.org/OAI/2.0/ http://www.openarchives.org/OAI/2.0/OAI-PMH.xsd"><responseDate>2026-04-28T07:10:51Z</responseDate><request verb="GetRecord" identifier="oai:riubu.ubu.es:10259/5723" metadataPrefix="marc">https://riubu.ubu.es/oai/request</request><GetRecord><record><header><identifier>oai:riubu.ubu.es:10259/5723</identifier><datestamp>2024-07-24T11:07:08Z</datestamp><setSpec>com_10259_9476</setSpec><setSpec>com_10259.4_106</setSpec><setSpec>com_10259_2604</setSpec><setSpec>col_10259_9478</setSpec></header><metadata><record xmlns="http://www.loc.gov/MARC21/slim" xmlns:doc="http://www.lyncode.com/xoai" xmlns:xsi="http://www.w3.org/2001/XMLSchema-instance" xmlns:dcterms="http://purl.org/dc/terms/" xsi:schemaLocation="http://www.loc.gov/MARC21/slim http://www.loc.gov/standards/marcxml/schema/MARC21slim.xsd">
<leader>00925njm 22002777a 4500</leader>
<datafield tag="042" ind1=" " ind2=" ">
<subfield code="a">dc</subfield>
</datafield>
<datafield tag="720" ind1=" " ind2=" ">
<subfield code="a">Nieves Cordones, Pablo</subfield>
<subfield code="e">author</subfield>
</datafield>
<datafield tag="720" ind1=" " ind2=" ">
<subfield code="a">Arapan, Sergiu</subfield>
<subfield code="e">author</subfield>
</datafield>
<datafield tag="720" ind1=" " ind2=" ">
<subfield code="a">Cuesta López, Santiago</subfield>
<subfield code="e">author</subfield>
</datafield>
<datafield tag="260" ind1=" " ind2=" ">
<subfield code="c">2017-08</subfield>
</datafield>
<datafield tag="520" ind1=" " ind2=" ">
<subfield code="a">Summary form only given. In this work, we present a general overview, analysis and software implementation of a particular AGA, which has been proposed for discovering new RE-free magnetic crystal phases in the context of the EU-H2020 NOVAMAG project. The workflow diagram related to the Modelling Data Elements (MODA) of the magnetic crystal structure calculation based on AGA was shown. In particular, we make use of an AGA, implemented through USPEX and VASP codes, to predict new magnetic crystal phases, where those structures with better magnetic properties for a permanent magnet are selected and analyzed in more detail. Such a methodology has been preliminary compared to well-known experimentally reported properties compounds, showing an excellent agreement. In addition, we show recent results predicted by AGA in CoFe 2n X (n=1,2,3,4,5; where X=C, P, Hf, Zr, ...), where we found compounds with many metastable structures which fulfill the initial requirements (negative enthalpy of formation ΔHF&lt;;0, high saturation magnetization μ 0 M S >1T and non-cubic lattice system) for permanent magnet development.</subfield>
</datafield>
<datafield tag="024" ind2=" " ind1="8">
<subfield code="a">2150-4601</subfield>
</datafield>
<datafield tag="024" ind2=" " ind1="8">
<subfield code="a">http://hdl.handle.net/10259/5723</subfield>
</datafield>
<datafield tag="024" ind2=" " ind1="8">
<subfield code="a">10.1109/INTMAG.2017.8007671</subfield>
</datafield>
<datafield ind1=" " ind2=" " tag="653">
<subfield code="a">Crystals</subfield>
</datafield>
<datafield ind1=" " ind2=" " tag="653">
<subfield code="a">Saturation magnetization</subfield>
</datafield>
<datafield ind1=" " ind2=" " tag="653">
<subfield code="a">Permanent magnets</subfield>
</datafield>
<datafield ind1=" " ind2=" " tag="653">
<subfield code="a">Optimization</subfield>
</datafield>
<datafield ind1=" " ind2=" " tag="653">
<subfield code="a">Enthalpy</subfield>
</datafield>
<datafield ind1=" " ind2=" " tag="653">
<subfield code="a">Magnetic analysis</subfield>
</datafield>
<datafield ind1=" " ind2=" " tag="653">
<subfield code="a">Compounds</subfield>
</datafield>
<datafield tag="245" ind1="0" ind2="0">
<subfield code="a">An adaptive genetic algorithm approach for predicting magnet-ic structure suitable for high-performance permanent magnet development</subfield>
</datafield>
</record></metadata></record></GetRecord></OAI-PMH>